[Event "Int. Stuttgarter Stadtmeisterschaft A"]
[Site "Ditzingen"]
[Date "2019.05.30"]
[Round "2.29"]
[White "Pfeifer, Wilfried"]
[Black "Hess, Max"]
[Result "0-1"]
[WhiteElo "1935"]
[BlackElo "2344"]
[PlyCount "48"]
[EventDate "2019.??.??"]
[WhiteTeam "TSF Ditzingen"]
[BlackTeam "SC Garching 1980 e.V."]

1. f4 c5 2. Nf3 Nc6 3. c4 g6 4. Nc3 Bg7 5. g3 e6 6. Bg2 Nge7 7. O-O O-O 8. e3
d5 9. cxd5 exd5 10. Kh1 d4 11. Ne2 Bf5 12. exd4 cxd4 13. Qb3 Qd7 14. d3 a5 15.
Bd2 a4 16. Qb5 Rfd8 17. Ng5 Nd5 18. Be4 Nce7 19. Qxd7 Bxd7 20. Rfc1 Bb5 21. Rc5
Ba6 22. Ra5 Nf6 23. Nc1 h6 24. Re5 Nfd5 0-1

[Event "Int. Stuttgarter Stadtmeisterschaft A"]
[Site "Ditzingen"]
[Date "2019.05.30"]
[Round "2.30"]
[White "Kabisch, Thilo"]
[Black "Reichenbächer, Thomas"]
[Result "1-0"]
[WhiteElo "2341"]
[BlackElo "1949"]
[PlyCount "80"]
[EventDate "2019.??.??"]
[WhiteTeam "SK Schmiden/Cannstatt"]
[BlackTeam "SVG Konstanz"]

1. e4 c5 2. Nf3 Nc6 3. d4 cxd4 4. Nxd4 g6 5. c4 Bg7 6. Nc2 d6 7. Nc3 Nh6 8. Be2
O-O 9. Be3 f5 10. Qd2 Nf7 11. h4 Qa5 12. h5 fxe4 13. hxg6 hxg6 14. Nd4 Nxd4 15.
Bxd4 e5 16. Be3 Be6 17. O-O-O Rac8 18. b3 Rfe8 19. Kb2 a6 20. Nd5 Qxd2+ 21.
Rxd2 Kf8 22. Rh4 g5 23. Rh7 Bf5 24. Rh5 Bg6 25. Rh3 Bf5 26. Rg3 Be6 27. Nb6 Rc6
28. a4 Bf6 29. Bh5 Bd8 30. a5 Bxb6 31. Bxb6 Rec8 32. Bg6 Bxc4 33. bxc4 Rxc4 34.
Bf5 Rb4+ 35. Rb3 Rcc4 36. Rxb4 Rxb4+ 37. Kc3 Ra4 38. Kb3 Ra1 39. Bxe4 d5 40.
Bxd5 Nd6 1-0

[Event "Int. Stuttgarter Stadtmeisterschaft A"]
[Site "Ditzingen"]
[Date "2019.05.30"]
[Round "2.31"]
[White "BrÃ¤uner, Uwe"]
[Black "Dreyer, Andre"]
[Result "1/2-1/2"]
[WhiteElo "2163"]
[BlackElo "1938"]
[PlyCount "171"]
[EventDate "2019.??.??"]
[WhiteTeam "SF Pfullingen"]
[BlackTeam "SV Stockenhausen-Frommern"]

1. d4 Nf6 2. Nf3 d5 3. c4 e6 4. Nc3 c6 5. Bg5 Nbd7 6. e3 Qa5 7. Bxf6 Nxf6 8.
Bd3 Bb4 9. Qc2 dxc4 10. Bxc4 c5 11. O-O cxd4 12. Nxd4 Bxc3 13. bxc3 O-O 14.
Rab1 Qc7 15. Qe2 b6 16. Rbc1 Bb7 17. Bd3 Rfd8 18. e4 e5 19. Nb3 Rd7 20. f3 Rad8
21. Rfd1 Rd6 22. Bb5 Kf8 23. Rd3 Rxd3 24. Bxd3 Nd7 25. Bc4 Nc5 26. Rd1 Ke7 27.
Rxd8 Kxd8 28. Qd2+ Ke8 29. Bb5+ Kf8 30. Qe3 Nxb3 31. axb3 Qc5 32. Qxc5+ bxc5
33. Kf2 Ke7 34. Ke3 Kd6 35. Kd3 Bc8 36. Bc4 f6 37. b4 cxb4 38. cxb4 Kc6 39. Kc3
Kb6 40. g4 Bd7 41. Bg8 h6 42. Kc4 Ba4 43. Be6 Bd1 44. Bf5 Kc6 45. h4 Bxf3 46.
h5 Be2+ 47. Kc3 Kb6 48. Kd2 Bf1 49. Kc3 Bb5 50. Be6 Bc6 51. Bf5 Kb5 52. Kb3 Be8
53. Kc3 Bf7 54. Bd7+ Kb6 55. Bf5 Kc6 56. Kd3 Kd6 57. Kc3 Kc6 58. Kd3 Kb5 59.
Kc3 Be8 60. Kb3 Bc6 61. Kc3 Be8 62. Kb3 Bf7+ 63. Kc3 Ka4 64. Bd7+ Ka3 65. Bf5
Bg8 66. Bg6 Be6 67. Bf5 Bg8 68. Bg6 Ka4 69. Bf5 Kb5 70. Bd7+ Kb6 71. Bf5 a5 72.
bxa5+ Kxa5 73. Kd3 Kb5 74. Ke3 Kc5 75. Kd3 Kb4 76. Bd7 Bf7 77. Bf5 Kc5 78. Kc3
Kd6 79. Kb4 Be6 80. Bxe6 Kxe6 81. Kc5 Ke7 82. Kd5 Kd7 83. Kc5 Kc7 84. Kb5 Kb7
85. Kc5 Kc7 86. Kd5 1/2-1/2

[Event "Int. Stuttgarter Stadtmeisterschaft A"]
[Site "Ditzingen"]
[Date "2019.05.30"]
[Round "2.32"]
[White "Einwiller, Dieter"]
[Black "Dölker, Kai"]
[Result "1-0"]
[WhiteElo "2104"]
[BlackElo "1927"]
[PlyCount "83"]
[EventDate "2019.??.??"]
[WhiteTeam "SF Pfullingen"]
[BlackTeam "SV Stuttgart-Wolfbusch 1956 e.V."]

1. d4 Nf6 2. Nc3 e6 3. Bf4 Bb4 4. a3 Bxc3+ 5. bxc3 O-O 6. f3 Nd5 7. Bd2 f5 8.
e3 d6 9. Bd3 Nd7 10. Ne2 Qh4+ 11. g3 Qh3 12. c4 Ne7 13. Nf4 Qh6 14. Qe2 e5 15.
Nd5 Nxd5 16. cxd5 exd4 17. exd4 Qf6 18. Qe6+ Kh8 19. Qxf6 Nxf6 20. c4 Bd7 21.
a4 a5 22. Kf2 b6 23. Bc2 Rae8 24. Rhe1 Kg8 25. Bb3 Rxe1 26. Rxe1 Re8 27. Rc1
Kf8 28. c5 Rc8 29. Bf4 Nh5 30. Bd2 h6 31. h3 Nf6 32. g4 fxg4 33. hxg4 bxc5 34.
dxc5 Rb8 35. Bc4 dxc5 36. Bxa5 Ne8 37. Be2 Bxa4 38. Rxc5 Rb7 39. Bc3 Ke7 40.
Be5 Kd7 41. Ra5 Rb4 42. Rxa4 1-0

[Event "Int. Stuttgarter Stadtmeisterschaft A"]
[Site "Ditzingen"]
[Date "2019.05.30"]
[Round "2.33"]
[White "Ludwig, Sebastian"]
[Black "Potapov, Aleksey"]
[Result "1-0"]
[WhiteElo "2034"]
[BlackElo "1925"]
[PlyCount "59"]
[EventDate "2019.??.??"]
[WhiteTeam "SV Stuttgart-Wolfbusch"]
[BlackTeam "Stuttgarter SF 1879"]

1. e4 c5 2. Nf3 Nc6 3. Bb5 a6 4. Bxc6 bxc6 5. d3 d6 6. h3 e5 7. O-O Be7 8. Nc3
f5 9. exf5 Bxf5 10. Nh2 Nf6 11. f4 e4 12. g4 exd3 13. gxf5 dxc2 14. Qxc2 O-O
15. Qe2 Re8 16. Ng4 Bf8 17. Qf3 d5 18. Bd2 d4 19. Ne2 Ne4 20. Rad1 d3 21. Nc3
Nxd2 22. Rxd2 c4 23. Kg2 Bb4 24. Ne5 Bxc3 25. bxc3 Qa5 26. Qxc6 Rac8 27. Qd7
Qxc3 28. Qd5+ Kh8 29. Nf7+ Kg8 30. Nh6+ 1-0

[Event "Int. Stuttgarter Stadtmeisterschaft A"]
[Site "Ditzingen"]
[Date "2019.05.30"]
[Round "2.34"]
[White "Fischer, Daniel"]
[Black "Wezel, Sebastian"]
[Result "1/2-1/2"]
[WhiteElo "2018"]
[BlackElo "1919"]
[PlyCount "50"]
[EventDate "2019.??.??"]
[WhiteTeam "SVG Offenburg"]
[BlackTeam "SV Dettingen Erms"]

1. Nf3 c5 2. c4 g6 3. g3 Bg7 4. Bg2 Nc6 5. Nc3 e6 6. d3 Nge7 7. Bg5 h6 8. Bd2
O-O 9. O-O d5 10. Rb1 b6 11. a3 a5 12. Nb5 Ba6 13. Qc1 Kh7 14. b4 axb4 15. axb4
Bxb5 16. cxb5 Nxb4 17. Bxb4 cxb4 18. Rxb4 Qd7 19. d4 Ra2 20. Rb2 Ra5 21. Qb1
Nf5 22. e3 Nd6 23. Rc1 Nxb5 24. Qd3 Rb8 25. Rcb1 Na3 1/2-1/2

[Event "Int. Stuttgarter Stadtmeisterschaft A"]
[Site "Ditzingen"]
[Date "2019.05.30"]
[Round "2.35"]
[White "Mikeler, Marcel"]
[Black "DÃ¶serich, JÃ¼rgen"]
[Result "1-0"]
[WhiteElo "1889"]
[BlackElo "2005"]
[PlyCount "129"]
[EventDate "2019.??.??"]
[WhiteTeam "Heilbronner SV"]
[BlackTeam "Schwarze Pumpe Freiburg"]

1. d4 d5 2. Nf3 e6 3. c4 c6 4. Nc3 dxc4 5. a4 Bb4 6. Bd2 a5 7. g3 Nd7 8. e3 Nb6
9. Ne5 Bxc3 10. bxc3 Qd5 11. f3 f5 12. Qb1 Ra6 13. e4 fxe4 14. fxe4 Qd8 15. Be3
Nf6 16. Be2 O-O 17. O-O Bd7 18. Qc2 Qc7 19. Bf4 Qc8 20. Nxc4 Nxc4 21. Bxc4 b5
22. Bd3 e5 23. Bxe5 Bh3 24. Rf4 Ng4 25. Qa2+ Kh8 26. Bf1 Rxf4 27. Bxf4 Bxf1 28.
Rxf1 Ra8 29. e5 b4 30. h3 Nh6 31. Bxh6 gxh6 32. Kh2 Qg8 33. Qxg8+ Kxg8 34. Kg2
Rb8 35. Rc1 b3 36. Rb1 Kf7 37. Kf3 Ke6 38. Ke4 h5 39. Kd3 c5 40. Rb2 cxd4 41.
Kxd4 Rb7 42. Kc4 Kxe5 43. Rxb3 Rc7+ 44. Kd3 Rg7 45. Rb5+ Kd6 46. Rxh5 Rxg3+ 47.
Kc4 Rf3 48. Rh6+ Ke5 49. Rxh7 Rf5 50. Rh4 Kd6 51. Rh6+ Ke5 52. Kb5 Ke4+ 53. Kb6
Kd3 54. Rc6 Rh5 55. Rc5 Rxh3 56. Kxa5 Rh6 57. Kb5 Rh1 58. a5 Rb1+ 59. Ka6 Rb2
60. Ka7 Rb1 61. a6 Rb2 62. Ka8 Rb1 63. Rc7 Rb6 64. a7 Rb3 65. Rb7 1-0[

*

[Event "Int. Stuttgarter Stadtmeisterschaft A"]
[Site "Ditzingen"]
[Date "2019.05.30"]
[Round "2.36"]
[White "Hefner, Felix"]
[Black "Giemsa, Alexander"]
[Result "0-1"]
[WhiteElo "2004"]
[BlackElo "1890"]
[PlyCount "110"]
[EventDate "2019.??.??"]
[WhiteTeam "BG Buchen"]
[BlackTeam "SC Magstadt"]

1. e4 c5 2. Nf3 d6 3. d4 cxd4 4. Qxd4 Nc6 5. Bb5 Bd7 6. Bxc6 Bxc6 7. Nc3 Qc7 8.
Bg5 h6 9. Bh4 e5 10. Qd3 Be7 11. Bxe7 Nxe7 12. O-O-O Rd8 13. Nb5 Bxb5 14. Qxb5+
Rd7 15. Rd2 a6 16. Qa4 Nc6 17. Rhd1 O-O 18. Rd5 Rfd8 19. Qc4 Qb6 20. R5d2 Na5
21. Qa4 f6 22. Rd5 Nc6 23. Qc4 Kh7 24. R5d2 Na5 25. Qe6 Qc5 26. Qd5 Qb6 27. Qe6
Qb4 28. c3 Qxe4 29. Rxd6 Rxd6 30. Rxd6 Rxd6 31. Qxd6 Qe2 32. Qd2 Qf1+ 33. Ne1
Kg6 34. Qd3+ Qxd3 35. Nxd3 Nc4 36. b3 Nd6 37. Nc5 Kf5 38. Kd2 Ne4+ 39. Nxe4
Kxe4 40. f3+ Kf4 41. Ke2 h5 42. a4 e4 43. g3+ Kf5 44. b4 g5 45. b5 Ke5 46. bxa6
bxa6 47. fxe4 Kxe4 48. Kd2 f5 49. Ke2 a5 50. h4 g4 51. c4 Kd4 52. c5 Kxc5 53.
Ke3 Kb4 54. Kf4 Kxa4 55. Kxf5 Kb5 0-1

[Event "Int. Stuttgarter Stadtmeisterschaft A"]
[Site "Ditzingen"]
[Date "2019.05.30"]
[Round "2.37"]
[White "Khamenya, Vitalia"]
[Black "Zeiler, Klaus"]
[Result "1-0"]
[WhiteElo "1877"]
[BlackElo "2004"]
[PlyCount "85"]
[EventDate "2019.??.??"]
[WhiteTeam "SK GrÃ¤felfing"]
[BlackTeam "Stuttgarter SF 1879"]

1. e4 e6 2. d4 d5 3. e5 c5 4. c3 Qb6 5. Nf3 Nc6 6. a3 Nh6 7. b4 cxd4 8. cxd4
Nf5 9. Bb2 Bd7 10. Be2 Be7 11. O-O g5 12. h3 h5 13. b5 Na5 14. a4 g4 15. Ne1
gxh3 16. g3 Nc4 17. Bxc4 dxc4 18. Nd2 Rc8 19. Rc1 c3 20. Rxc3 Rxc3 21. Bxc3 f6
22. Ne4 fxe5 23. dxe5 h4 24. g4 Ng3 25. Nf6+ Bxf6 26. exf6 Rf8 27. Nf3 h2+ 28.
Kxh2 Nxf1+ 29. Qxf1 Qc7+ 30. Be5 Qc2 31. Ng5 Qc5 32. f7+ Ke7 33. Bf6+ Kxf6 34.
Ne4+ Kxf7 35. Nxc5 Bc8 36. Qe2 Ke7 37. Kg1 b6 38. Ne4 Bb7 39. Qd3 Rd8 40. Qa3+
Kd7 41. Qd6+ Kc8 42. Qxe6+ Kb8 43. Nd6 1-0

[Event "Int. Stuttgarter Stadtmeisterschaft A"]
[Site "Ditzingen"]
[Date "2019.05.30"]
[Round "2.38"]
[White "Jakob, Georg"]
[Black "Heeke, Guido"]
[Result "1-0"]
[WhiteElo "2002"]
[BlackElo "1883"]
[PlyCount "21"]
[EventDate "2019.??.??"]
[WhiteTeam "SG Königskinder Hohentübingen e."]
[BlackTeam "SV Letmathe 1933 e. V."]

1. e4 c6 2. d4 d5 3. exd5 cxd5 4. c4 Nf6 5. Nc3 Nc6 6. Bg5 dxc4 7. d5 Nb8 8.
Bxc4 Nbd7 9. Nf3 g6 10. d6 e6 11. Nb5 1-0

[Event "Int. Stuttgarter Stadtmeisterschaft A"]
[Site "Ditzingen"]
[Date "2019.05.30"]
[Round "2.39"]
[White "Kistler, Michael"]
[Black "Müller, Thomas"]
[Result "0-1"]
[WhiteElo "1863"]
[BlackElo "2001"]
[PlyCount "56"]
[EventDate "2019.??.??"]
[WhiteTeam "VfL Sindelfingen"]
[BlackTeam "SV Schömberg"]

1. d4 Nf6 2. c4 g6 3. Nc3 Bg7 4. e4 d6 5. Nf3 O-O 6. Be2 e5 7. O-O Nbd7 8. Re1
Re8 9. d5 Nc5 10. Nd2 a5 11. b3 Rf8 12. Bb2 Ne8 13. a3 f5 14. b4 Nxe4 15. Ncxe4
fxe4 16. c5 e3 17. fxe3 axb4 18. axb4 Rxa1 19. Qxa1 Qh4 20. Nc4 Qf2+ 21. Kh1
Bh6 22. Bd3 Bf5 23. e4 Bh3 24. Bf1 Bd7 25. Be2 Bf4 26. Bf3 Bxh2 27. Ne3 Qh4 28.
c6 Rxf3 0-1

[Event "Int. Stuttgarter Stadtmeisterschaft A"]
[Site "Ditzingen"]
[Date "2019.05.30"]
[Round "2.40"]
[White "Schönhof, Timo"]
[Black "Kemper, Yannick"]
[Result "1/2-1/2"]
[WhiteElo "1991"]
[BlackElo "1856"]
[PlyCount "20"]
[EventDate "2019.??.??"]
[WhiteTeam "SK Engen"]
[BlackTeam "SK 1912 Ludwigshafen"]

1. e4 c5 2. Nc3 a6 3. g3 b5 4. Bg2 Bb7 5. d3 e6 6. Nge2 Nc6 7. O-O d6 8. f4 Nf6
9. h3 Be7 10. Be3 O-O 1/2-1/2

[Event "Int. Stuttgarter Stadtmeisterschaft A"]
[Site "Ditzingen"]
[Date "2019.05.30"]
[Round "2.41"]
[White "Wirth, Steffen"]
[Black "Lehmann, Stefan"]
[Result "0-1"]
[WhiteElo "1842"]
[BlackElo "1990"]
[PlyCount "80"]
[EventDate "2019.??.??"]
[WhiteTeam "SSV Zuffenhausen"]
[BlackTeam "Ssg Fils-Lauter"]

1. d4 Nf6 2. Bg5 c5 3. Bxf6 gxf6 4. d5 Qb6 5. Qc1 Bh6 6. e3 d6 7. c4 Nd7 8. Qc2
f5 9. Nc3 Nf6 10. g3 Ne4 11. Bd3 Nxc3 12. Qxc3 Rg8 13. Rb1 Bg7 14. Qd2 a5 15.
Nf3 Qb4 16. O-O Qxd2 17. Nxd2 a4 18. Nf3 Bd7 19. Rfd1 e5 20. Nh4 e4 21. Bf1 Bf6
22. Ng2 Ke7 23. Nf4 Rgb8 24. f3 b5 25. cxb5 Bxb5 26. Bh3 Bd7 27. Rd2 Rb4 28.
Rc2 Rab8 29. fxe4 fxe4 30. Bxd7 Kxd7 31. Nh3 Ke7 32. Nf2 Bxb2 33. Nxe4 Rxe4 34.
Rbxb2 Rxb2 35. Rxb2 Rb4 36. Rf2 a3 37. Kg2 Rb2 38. Kf3 c4 39. h4 c3 40. Rf1
Rxa2 0-1

[Event "Int. Stuttgarter Stadtmeisterschaft A"]
[Site "Ditzingen"]
[Date "2019.05.30"]
[Round "2.42"]
[White "Hoeschele, Hans-Ulrich"]
[Black "Christ, Marcel"]
[Result "1/2-1/2"]
[WhiteElo "1983"]
[BlackElo "1836"]
[PlyCount "72"]
[EventDate "2019.??.??"]
[WhiteTeam "Stuttgarter SF 1879"]
[BlackTeam "SC Ingersheim e.V."]

1. e4 c5 2. Nc3 Nc6 3. f4 g6 4. Nf3 Bg7 5. a3 e6 6. Bc4 Nge7 7. e5 d5 8. exd6
Qxd6 9. d3 b6 10. Ne4 Qc7 11. Qe2 Nd4 12. Nxd4 cxd4 13. O-O O-O 14. Bd2 Bb7 15.
Bb4 Bxe4 16. dxe4 a5 17. Bd2 Qc5 18. Bd3 Rfe8 19. b4 Qc7 20. g4 axb4 21. axb4
Rxa1 22. Rxa1 Nc6 23. Qf2 Rd8 24. Rb1 Nb8 25. h4 e5 26. f5 Qe7 27. g5 Bf8 28.
fxg6 fxg6 29. Rf1 Rc8 30. Qg3 Nd7 31. Qg4 Bg7 32. Ra1 Rc7 33. h5 gxh5 34. Ra8+
Bf8 35. Qxh5 Qf7 36. Qg4 Kg7 1/2-1/2

[Event "Int. Stuttgarter Stadtmeisterschaft A"]
[Site "Ditzingen"]
[Date "2019.05.30"]
[Round "2.43"]
[White "Ohler, Julius"]
[Black "Reindl, Arno"]
[Result "1/2-1/2"]
[WhiteElo "1837"]
[BlackElo "1977"]
[PlyCount "42"]
[EventDate "2019.??.??"]
[WhiteTeam "SG Trier"]
[BlackTeam "SG Schwäbisch Gmünd"]

1. d4 Nf6 2. Bg5 c5 3. Bxf6 exf6 4. d5 Bd6 5. c4 O-O 6. Nc3 Be5 7. Qd2 Qa5 8.
e3 Bxc3 9. Qxc3 Qxc3+ 10. bxc3 d6 11. Bd3 Nd7 12. Nf3 b6 13. O-O Ne5 14. Nxe5
fxe5 15. f4 Re8 16. e4 exf4 17. Rxf4 Bd7 18. Raf1 f6 19. h3 a6 20. Rb1 Rab8 21.
Rf3 Rb7 1/2-1/2

[Event "Int. Stuttgarter Stadtmeisterschaft A"]
[Site "Ditzingen"]
[Date "2019.05.30"]
[Round "2.44"]
[White "Scheynin, Julia"]
[Black "Fröhling, Herbert"]
[Result "1-0"]
[WhiteElo "1972"]
[BlackElo "1811"]
[PlyCount "65"]
[EventDate "2019.??.??"]
[WhiteTeam "Karlsruher SF 1853"]
[BlackTeam "SG Ludwigsburg"]

1. e4 e6 2. d3 d5 3. Nd2 Nf6 4. Ngf3 b6 5. e5 Nfd7 6. d4 c5 7. c3 Bb7 8. Bd3
Nc6 9. a3 Be7 10. O-O Qc7 11. Re1 g5 12. Nf1 g4 13. Ng5 cxd4 14. cxd4 Nxd4 15.
Qxg4 Nb3 16. Nxf7 Rf8 17. Nd6+ Kd8 18. Nxb7+ Qxb7 19. Bh6 Nxa1 20. Bxf8 Nxf8
21. Rxa1 Rc8 22. Ng3 Rc5 23. Ne2 Qc7 24. f4 Kc8 25. h3 Kb7 26. Kh2 a5 27. b4
axb4 28. axb4 Rc6 29. Nd4 Rc1 30. Ra7+ Kxa7 31. Nb5+ Kb7 32. Nxc7 Kxc7 33. b5
1-0

[Event "Int. Stuttgarter Stadtmeisterschaft A"]
[Site "Ditzingen"]
[Date "2019.05.30"]
[Round "2.45"]
[White "Dosch, Alexander"]
[Black "Schmitz, Nico"]
[Result "0-1"]
[WhiteElo "1831"]
[BlackElo "1969"]
[PlyCount "24"]
[EventDate "2019.??.??"]
[WhiteTeam "SV Multatuli Ingelheim e.V."]
[BlackTeam "SF Konz-Karthaus"]

1. e4 d5 2. e5 Bf5 3. d4 c5 4. c3 e6 5. Bd3 Bg6 6. h4 Qb6 7. h5 Bxd3 8. Qxd3
Nc6 9. Nf3 cxd4 10. cxd4 Nb4 11. Qd1 Qa6 12. Nc3 Nd3+ 0-1

[Event "Int. Stuttgarter Stadtmeisterschaft A"]
[Site "Ditzingen"]
[Date "2019.05.30"]
[Round "2.46"]
[White "Mitrovic, Dragan"]
[Black "Giebler, Kai"]
[Result "0-1"]
[WhiteElo "1954"]
[BlackElo "1730"]
[PlyCount "76"]
[EventDate "2019.??.??"]
[WhiteTeam "SK Gerlingen"]
[BlackTeam "TSF Ditzingen"]

1. e4 e5 2. Nf3 Nc6 3. Bc4 Bc5 4. O-O Nf6 5. d4 Bxd4 6. Nxd4 Nxd4 7. f4 d6 8.
fxe5 dxe5 9. Bg5 Qe7 10. c3 Ne6 11. Bxf6 gxf6 12. Bxe6 Bxe6 13. Na3 h5 14. Qd2
Qc5+ 15. Kh1 Rd8 16. Qe2 Ke7 17. h3 Rdg8 18. Qf3 Rg6 19. Nc2 f5 20. Ne3 f4 21.
Nd5+ Kf8 22. b4 Qc4 23. Qf2 b6 24. Rad1 Rg3 25. Nxf4 exf4 26. Qxf4 Rd3 27. Qf6
Rg8 28. Rxd3 Qxd3 29. Rf2 Qd1+ 30. Kh2 Qd6+ 31. e5 Qd5 32. Qh6+ Ke8 33. Qf4 Qc4
34. Qf6 Qd5 35. Qf4 Qc6 36. Qf6 Bd5 37. e6 Bxe6 38. Rd2 Bd5 0-1

[Event "Int. Stuttgarter Stadtmeisterschaft A"]
[Site "Ditzingen"]
[Date "2019.05.31"]
[Round "3.1"]
[White "Sumets, Andrey"]
[Black "Yi, Danny"]
[Result "1-0"]
[WhiteElo "2585"]
[BlackElo "2231"]
[PlyCount "145"]
[EventDate "2019.??.??"]
[WhiteTeam "SF Lilienthal von 1971"]
[BlackTeam "SF 59 Kornwestheim"]

1. d4 Nf6 2. Nf3 g6 3. Nbd2 d5 4. e3 Bg7 5. b4 O-O 6. Be2 b6 7. O-O Nbd7 8. c4
c5 9. Qb3 cxd4 10. Nxd4 Bb7 11. Bb2 e5 12. Nb5 Qe7 13. Rac1 Rfc8 14. cxd5 Bxd5
15. Qa3 Ne8 16. Nc3 Bb7 17. Ba6 Bxa6 18. Qxa6 Nc7 19. Nd5 Qd8 20. Nxc7 Rxc7 21.
Rxc7 Qxc7 22. Rc1 Qd6 23. Bc3 Qc7 24. h3 Rd8 25. Bb2 Nb8 26. Qa4 Qb7 27. Nf3 f6
28. b5 Bf8 29. Qc2 Qd7 30. a4 Bc5 31. Ba3 Bxa3 32. Qb3+ Qd5 33. Qxa3 Nd7 34.
Qe7 Nc5 35. Qxf6 e4 36. Nd4 Rf8 37. Qc6 Qa2 38. Rf1 Rf7 39. Qe8+ Kg7 40. Qe5+
Kg8 41. h4 h5 42. Qg5 Kh7 43. g4 Rg7 44. Qe5 Qf7 45. a5 Qd7 46. gxh5 Qg4+ 47.
Qg3 gxh5 48. Kh2 Qd7 49. Qe5 Qg4 50. Qg3 Kh6 51. Qxg4 Rxg4 52. Kh3 bxa5 53. Ra1
a4 54. Ra2 Rg6 55. Rc2 Nd3 56. Nf5+ Kh7 57. Ng3 Rb6 58. Nxe4 Rxb5 59. Rc7+ Kg6
60. Rxa7 Rb4 61. f3 Ne5 62. Kg3 Nc4 63. Kf4 a3 64. Ra6+ Kg7 65. Kg5 Rb5+ 66.
Kf4 Rb2 67. Nc3 Rb3 68. Nd5 Rb2 69. Kf5 Rb5 70. Ra7+ Kg8 71. Ke6 Rb3 72. Nf6+
Kf8 73. Rf7# 1-0

[Event "Int. Stuttgarter Stadtmeisterschaft A"]
[Site "Ditzingen"]
[Date "2019.05.31"]
[Round "3.2"]
[White "Dudek, Richard"]
[Black "Schröder, Jan-Christian"]
[Result "0-1"]
[WhiteElo "2240"]
[BlackElo "2569"]
[PlyCount "53"]
[EventDate "2019.??.??"]
[WhiteTeam "SC Eppingen"]
[BlackTeam "SV 1920 Hofheim"]

1. e4 c5 2. Nc3 e6 3. g3 d5 4. exd5 exd5 5. Bg2 Nf6 6. Nge2 d4 7. Ne4 Nxe4 8.
Bxe4 Bd6 9. O-O O-O 10. d3 Re8 11. Re1 Nc6 12. Bf4 Bf8 13. Kg2 Be6 14. h3 Qd7
15. Ng1 h6 16. g4 f5 17. Bf3 fxg4 18. hxg4 g5 19. Bg3 Bg7 20. Qe2 Bxa2 21. Be4
Be6 22. f3 Nb4 23. Bg6 Bf7 24. Bxf7+ Qxf7 25. Qd2 Nd5 26. Re4 Ne3+ 27. Kh3 0-1

[Event "Int. Stuttgarter Stadtmeisterschaft A"]
[Site "Ditzingen"]
[Date "2019.05.31"]
[Round "3.3"]
[White "Nasuta, Grzegorz"]
[Black "Poysti, Nathanael"]
[Result "1-0"]
[WhiteElo "2518"]
[BlackElo "2219"]
[PlyCount "77"]
[EventDate "2019.??.??"]
[WhiteTeam "Godesberger SK 1929 e. V"]

1. e4 c5 2. Nc3 d6 3. d4 cxd4 4. Qxd4 Nc6 5. Qd2 Nf6 6. b3 g6 7. Bb2 Bg7 8.
O-O-O O-O 9. f3 a5 10. Kb1 Bd7 11. a4 Rc8 12. g4 Nb4 13. h4 Rc5 14. Nge2 Qc7
15. Nd4 Rc8 16. Ncb5 Bxb5 17. Nxb5 Qb6 18. c3 Na6 19. h5 Nc7 20. hxg6 hxg6 21.
Ka2 Nxb5 22. Bxb5 d5 23. e5 Ne8 24. c4 dxc4 25. bxc4 Rxc4 26. Bxc4 Rxc4 27. Qd7
Kf8 28. Rc1 Qb4 29. Rxc4 Qxc4+ 30. Ka1 Qe2 31. Qb5 Qxf3 32. Rc1 Qxg4 33. Qxa5
Qd7 34. Qb5 Qe6 35. Rd1 f6 36. Rd8 Qc6 37. Qxc6 bxc6 38. a5 Kf7 39. e6+ 1-0

[Event "Int. Stuttgarter Stadtmeisterschaft A"]
[Site "Ditzingen"]
[Date "2019.05.31"]
[Round "3.4"]
[White "Sprangers, Remco"]
[Black "Ikonnikov, Vyacheslav"]
[Result "0-1"]
[WhiteElo "2230"]
[BlackElo "2503"]
[PlyCount "70"]
[EventDate "2019.??.??"]
[BlackTeam "SF Bad Mergentheim"]

1. e4 c5 2. Nf3 Nc6 3. Nc3 Nf6 4. e5 Ng4 5. Qe2 Qc7 6. Nb5 Qb8 7. d4 cxd4 8.
Bf4 f6 9. O-O-O Ngxe5 10. Nxe5 fxe5 11. Bg3 g6 12. h4 Bh6+ 13. Kb1 d6 14. h5 g5
15. Qe4 a6 16. Na3 Qc7 17. Bc4 Bd7 18. Bb3 O-O-O 19. Bh2 g4 20. f3 gxf3 21.
Qxf3 Rdf8 22. Qe2 Kb8 23. Nc4 Qc8 24. Rdf1 Bg4 25. Qe1 Rxf1 26. Rxf1 Rf8 27.
Rh1 Qf5 28. Bg3 d3 29. a3 Nd4 30. Ka2 dxc2 31. Qb4 Nxb3 32. Qxb3 c1=N+ 33. Rxc1
Bxc1 34. Bf2 Qxf2 35. Na5 Be6 0-1

[Event "Int. Stuttgarter Stadtmeisterschaft A"]
[Site "Ditzingen"]
[Date "2019.05.31"]
[Round "3.5"]
[White "Antoniewski, Rafal"]
[Black "Aring, Gerd"]
[Result "1-0"]
[WhiteElo "2500"]
[BlackElo "2180"]
[PlyCount "76"]
[EventDate "2019.??.??"]
[BlackTeam "SV Nürtingen 1920"]

1. e4 c5 2. Nf3 Nc6 3. Nc3 e5 4. Bc4 Be7 5. d3 d6 6. Nd2 Nf6 7. Nf1 Bg4 8. f3
Be6 9. Ne3 O-O 10. O-O a6 11. a4 Rb8 12. Bd2 Nh5 13. g3 Bg5 14. Rf2 Nd4 15. a5
g6 16. Ncd5 Bxd5 17. Bxd5 Kh8 18. c3 Nc6 19. Qa4 f5 20. exf5 gxf5 21. f4 exf4
22. gxf4 Bh4 23. Rg2 Ne7 24. Bf3 Ng7 25. Kh1 Rf6 26. b4 Ne6 27. Nd5 Rg6 28. Re2
Nxd5 29. Bxd5 Nc7 30. Bf3 Re6 31. Rxe6 Nxe6 32. Rg1 Ng7 33. Rg2 b5 34. axb6
Rxb6 35. Qa2 Qe7 36. Qd5 cxb4 37. Be3 Rb8 38. Bd4 Rg8 1-0

[Event "Int. Stuttgarter Stadtmeisterschaft A"]
[Site "Ditzingen"]
[Date "2019.05.31"]
[Round "3.6"]
[White "Zuferi, Enis"]
[Black "Doll, Michael"]
[Result "1/2-1/2"]
[WhiteElo "2337"]
[BlackElo "2159"]
[PlyCount "123"]
[EventDate "2019.??.??"]
[WhiteTeam "Heilbronner SV"]
[BlackTeam "SV Nürtingen 1920"]

1. Nf3 d5 2. g3 Nf6 3. Bg2 Bg4 4. c4 e6 5. h3 Bf5 6. O-O c6 7. Qb3 Qb6 8. d3
Nbd7 9. Nh4 Bg6 10. cxd5 Qxb3 11. axb3 cxd5 12. Nc3 Nc5 13. Be3 Nxb3 14. Rxa7
Rxa7 15. Bxa7 Be7 16. e4 d4 17. Nb5 e5 18. Nf5 Nh5 19. Re1 Kd7 20. Bf3 Bb4 21.
Re2 Rc8 22. Bg4 Rc1+ 23. Kg2 Kc6 24. Na3 Nf6 25. Bf3 Nd7 26. h4 h5 27. Nxg7 b6
28. Bxh5 Bxh5 29. Nxh5 Kb7 30. Bxb6 Nxb6 31. Nf6 Rc8 32. Rc2 Nc5 33. h5 Nxd3
34. Rxc8 Kxc8 35. Nc2 Bf8 36. Ng4 Nc4 37. b3 Nd2 38. f4 exf4 39. Nxd4 Bc5 40.
Nf3 Nxe4 41. h6 fxg3 42. h7 Nf4+ 43. Kh1 Ng6 44. Nh6 Nh8 45. Ne5 Ng5 46. Kg2 f6
47. Nf3 Ne4 48. Nf5 Bf2 49. N3h4 Kd7 50. Kf3 Nd2+ 51. Kg4 Nxb3 52. Kh5 Ke6 53.
Kh6 g2 54. Ng7+ Ke5 55. Nxg2 Nd4 56. Ne8 Nf5+ 57. Kh5 Bc5 58. Kg4 Ne3+ 59. Nxe3
Bxe3 60. Ng7 Bh6 61. Nf5 Bf8 62. Ne3 1/2-1/2

[Event "Int. Stuttgarter Stadtmeisterschaft A"]
[Site "Ditzingen"]
[Date "2019.05.31"]
[Round "3.7"]
[White "Morgunov, Daniel"]
[Black "Boss, Igor"]
[Result "1-0"]
[WhiteElo "2290"]
[BlackElo "2121"]
[PlyCount "120"]
[EventDate "2019.??.??"]

1. e4 c5 2. Nf3 e6 3. d3 Nc6 4. g3 g6 5. Bg2 Bg7 6. O-O d6 7. c3 Nge7 8. Re1
O-O 9. h4 Rb8 10. a3 b5 11. d4 cxd4 12. cxd4 a5 13. d5 Ne5 14. Nd4 exd5 15.
exd5 Nf5 16. Nc6 Nxc6 17. dxc6 b4 18. axb4 Rxb4 19. Nc3 Rd4 20. Qb3 Nxh4 21.
gxh4 Qxh4 22. Re4 Rxe4 23. Nxe4 Be5 24. Ng3 Be6 25. Ra4 Bxb3 26. Rxh4 d5 27.
Bf1 f5 28. Bb5 Bd1 29. Nf1 f4 30. Rh3 Rb8 31. Ba6 Bg4 32. Rd3 d4 33. f3 Bf5 34.
Ra3 Bc7 35. Nd2 Rb6 36. Bb7 Rb5 37. Ra4 Re5 38. Kf2 g5 39. Ba6 Rc5 40. Rc4 Re5
41. Ne4 Bxe4 42. fxe4 Rxe4 43. Kf3 Re6 44. Rc5 Rg6 45. Kg4 h6 46. Bd3 Rg7 47.
Bd2 h5+ 48. Kxh5 g4 49. Rg5 g3 50. Be4 d3 51. Rxg7+ Kxg7 52. Kg4 Kf7 53. Kf3
Ke7 54. Bxd3 Kd6 55. Be4 Kc5 56. Bxf4 g2 57. Be3+ Kb4 58. Kxg2 a4 59. Kf3 Kb3
60. Bf4 Bd8 1-0